| 000 | 00477nam a2200157 u 4500 | ||
|---|---|---|---|
| 005 | 20210223133649.0 | ||
| 008 | 180917s2009 r 000 0 eng d | ||
| 020 | _a9788426137326 | ||
| 035 | _aUPN01000226692 | ||
| 100 | 1 |
_aWells, Robert E. _931866 |
|
| 245 | 1 | 0 |
_a¿Por qué el planeta tierra es tan especial? / _cRobert E. Wells ; tr. Raquel Solá. |
| 260 |
_aBarcelona, Esp. : _bJuventud, _c2009. |
||
| 300 |
_as.p. : _bil. col. |
||
| 905 | _aInfantil | ||
| 999 |
_c198788 _d198788 |
||